Bread - Statistics

General Stats
  • This quiz has been taken 15 times
  • The average score is 19 of 151
Answer Stats
Hint Answer % Correct
Roll, Bun, & Stick Bagel
83%
Flat Pita
83%
Loaf Sourdough Bread
75%
Loaf White Bread
75%
Loaf Banana Bread
67%
Flat Naan
67%
Flat Pizza Dough
67%
Loaf Rye Bread
67%
Roll, Bun, & Stick Doughnut
58%
Loaf Pumpernickel/Black Bread
58%
Flat Tortilla
58%
Loaf Baguette
50%
Quick Pancake
50%
Loaf Whole Wheat Bread
50%
Loaf Brioche Bread
42%
Loaf Brown Bread
42%
Loaf Cornbread
42%
Flat Focaccia
42%
Loaf Lemon Bread
42%
Quick Muffin
42%
Roll, Bun, & Stick Pretzel
42%
Loaf Rice Bread
42%
Loaf Wheat Bread
42%
Loaf Challah Bread
33%
Loaf Garlic Bread
33%
Loaf Potato Bread
33%
Loaf Pumpkin Bread
33%
Loaf Whole Grain Bread
33%
Loaf Blueberry Bread
25%
Loaf Ciabatta
25%
Flat Cracker
25%
Quick Crumpet
25%
Loaf Honey Bread
25%
Roll, Bun, & Stick Hot Cross Bun
25%
Flat Roti
25%
Quick Waffle
25%
Loaf Zucchini Bread
25%
Loaf Barley Bread
17%
Loaf Cinnamon Swirl Bread
17%
Flat English Muffin
17%
Flat Frybread
17%
Flat Lavash
17%
Loaf Milk Bread/Shokupan
17%
Loaf Multigrain Bread
17%
Flat Papadum
17%
Loaf Sprouted Bread
17%
Flat Arepa
8%
Loaf Babka
8%
Quick Biscuit (US)
8%
Flat Gingerbread
8%
Roll, Bun, & Stick Grissini
8%
Quick Gyeran-ppang
8%
Flat Injera
8%
Flat Matzo
8%
Loaf Pan de Muerto
8%
Loaf Panettone
8%
Loaf Soda Bread
8%
Loaf Acorn Bread
0%
Loaf Agege Bread
0%
Flat Aish Baladi
0%
Flat Alaaji
0%
Roll, Bun, & Stick Anpan
0%
Roll, Bun, & Stick Babakau
0%
Flat Balon Lavas
0%
Loaf Bánh Mì
0%
Flat Bannock/Palauga
0%
Loaf Bara Brith Bread
0%
Flat Barbari
0%
Flat Bazlama
0%
Loaf Beer Bread
0%
Roll, Bun, & Stick Bolillo
0%
Roll, Bun, & Stick Boortsog
0%
Loaf Broa de Milho
0%
Roll, Bun, & Stick Brötchenkranz
0%
Loaf Bush Bread/Damper/Seedcake
0%
Loaf Cauliflower Bread
0%
Loaf Cheddar Dill Bread
0%
Loaf Chikwangue/Chikwanga
0%
Loaf Chimodho
0%
Roll, Bun, & Stick Chipa
0%
Roll, Bun, & Stick Coco Bread
0%
Loaf Coconut Champagne Bread
0%
Loaf Cozonac/Kozunak
0%
Flat Crispbread
0%
Loaf Cuban Bread
0%
Flat Fougasse
0%
Flat Ftira
0%
Flat Harcha
0%
Flat Hardtack
0%
Roll, Bun, & Stick Hawaiian Sweet Roll
0%
Flat Hojaldre
0%
Loaf Horsebread
0%
Roll, Bun, & Stick Hwangnam Bread/Gyeongju Bread
0%
Loaf Kaukau Bread
0%
Loaf Keto Bread
0%
Flat Khachapuri
0%
Roll, Bun, & Stick Kifli/Kipferl/Kiflice
0%
Flat Kisra
0%
Loaf Kolach
0%
Loaf Kommissbrot
0%
Loaf Kulaç
0%
Flat Lahoh
0%
Roll, Bun, & Stick Mandazi/Bofrot/Puff-Puff
0%
Roll, Bun, & Stick Mantou
0%
Roll, Bun, & Stick Mapakiwa/Botswana Tea Bun
0%
Roll, Bun, & Stick Marraqueta
0%
Loaf Mealie Bread
0%
Roll, Bun, & Stick Melonpan
0%
Roll, Bun, & Stick Mochi Bread
0%
Roll, Bun, & Stick Mofo Gasy
0%
Loaf Mollete Bread
0%
Flat Ngome
0%
Flat Non/Lepeshka
0%
Loaf Pain Ayisyen/Haitian Bread
0%
Loaf Pain de Campagne
0%
Flat Pan Chuta
0%
Loaf Pan de Agua
0%
Roll, Bun, & Stick Pan de Coco
0%
Loaf Pan de Cristal
0%
Roll, Bun, & Stick Pan de Queso/Pão de Queijo
0%
Roll, Bun, & Stick Pandesal
0%
Flat Pane Carasau
0%
Roll, Bun, & Stick Pani Popo
0%
Roll, Bun, & Stick Pão Francês
0%
Flat Paratha
0%
Loaf Paska
0%
Roll, Bun, & Stick Picos
0%
Flat Piki
0%
Roll, Bun, & Stick Pineapple Bun
0%
Loaf Pogača
0%
Loaf Potbrood
0%
Loaf Pueblo Oven Bread
0%
Special Rainbow Swirl Bread
0%
Flat Reikäleipä
0%
Loaf Rēwana
0%
Roll, Bun, & Stick Rohlík
0%
Loaf Rúgbrauð
0%
Loaf Rugbrød
0%
Flat Sabaayad/Kimis/Ceesh
0%
Flat Sangak
0%
Loaf Scallion Bread
0%
Roll, Bun, & Stick Simit
0%
Flat Taboon Bread
0%
Flat Taftan
0%
Flat Takakau
0%
Flat Tannour
0%
Loaf Tapalapa
0%
Loaf Tuscan Bread
0%
Loaf Vetebröd/Pulla/Cardamom Bread
0%
Roll, Bun, & Stick Wool Roll Bread
0%
Loaf Zopf/Züpfe
0%
No matching quizzes found
Score Distribution
Percent of People with Each Score
Percentile by Number Answered
Your Score History
You have not taken this quiz